<?xml version="1.0" encoding="UTF-8"?>
<record
    xmlns:xsi="http://www.w3.org/2001/XMLSchema-instance"
    xsi:schemaLocation="http://www.loc.gov/MARC21/slim http://www.loc.gov/standards/marcxml/schema/MARC21slim.xsd"
    xmlns="http://www.loc.gov/MARC21/slim">

  <leader>00662nam a22001937a 4500</leader>
  <controlfield tag="005">20241009110045.0</controlfield>
  <datafield tag="010" ind1=" " ind2=" ">
    <subfield code="a">ENG-141988</subfield>
  </datafield>
  <datafield tag="020" ind1=" " ind2=" ">
    <subfield code="c">3600.00</subfield>
    <subfield code="a">9788190612173</subfield>
  </datafield>
  <datafield tag="035" ind1=" " ind2=" ">
    <subfield code="a">EN-125520</subfield>
  </datafield>
  <datafield tag="037" ind1=" " ind2=" ">
    <subfield code="b">DBAD</subfield>
  </datafield>
  <datafield tag="082" ind1=" " ind2=" ">
    <subfield code="a">954.504</subfield>
  </datafield>
  <datafield tag="100" ind1=" " ind2=" ">
    <subfield code="a">Bera, Tilak</subfield>
    <subfield code="9">72491</subfield>
  </datafield>
  <datafield tag="245" ind1="0" ind2="0">
    <subfield code="a">Exploring Northeast:</subfield>
    <subfield code="b">The Seven Pristine Pearls of India/</subfield>
    <subfield code="c">By Tilak Ranjan Bera</subfield>
  </datafield>
  <datafield tag="250" ind1=" " ind2=" ">
    <subfield code="a">1</subfield>
  </datafield>
  <datafield tag="260" ind1=" " ind2=" ">
    <subfield code="b">Woodland Publishers</subfield>
    <subfield code="a">Kolkata</subfield>
    <subfield code="c">2016</subfield>
  </datafield>
  <datafield tag="270" ind1=" " ind2=" ">
    <subfield code="b">Kolkata</subfield>
    <subfield code="e">700026</subfield>
    <subfield code="a">28/10 B, Nakuleswar Bhattacharya Lane </subfield>
    <subfield code="m">woodlandpublishers@hotmail.com</subfield>
    <subfield code="k">+91-8582847459</subfield>
    <subfield code="k">+91-8777274087</subfield>
  </datafield>
  <datafield tag="300" ind1=" " ind2=" ">
    <subfield code="a">333p.;</subfield>
    <subfield code="c">29cm(hbk)</subfield>
    <subfield code="b">ill.col.</subfield>
  </datafield>
  <datafield tag="942" ind1=" " ind2=" ">
    <subfield code="2">ddc</subfield>
    <subfield code="c">EN</subfield>
    <subfield code="m">BER</subfield>
    <subfield code="h">954.504</subfield>
  </datafield>
  <datafield tag="999" ind1=" " ind2=" ">
    <subfield code="c">206185</subfield>
    <subfield code="d">206185</subfield>
  </datafield>
  <datafield tag="952" ind1=" " ind2=" ">
    <subfield code="0">0</subfield>
    <subfield code="1">0</subfield>
    <subfield code="4">0</subfield>
    <subfield code="7">1</subfield>
    <subfield code="8">REF</subfield>
    <subfield code="a">L</subfield>
    <subfield code="b">L</subfield>
    <subfield code="d">2024-10-09</subfield>
    <subfield code="e">Delivery of Books Act Division</subfield>
    <subfield code="g">3600.00</subfield>
    <subfield code="l">0</subfield>
    <subfield code="o">BER 954.504</subfield>
    <subfield code="p">EN-125520</subfield>
    <subfield code="r">2024-10-09 00:00:00</subfield>
    <subfield code="t">1</subfield>
    <subfield code="v">3600.00</subfield>
    <subfield code="w">2024-10-09</subfield>
    <subfield code="y">EN</subfield>
  </datafield>
</record>
